Statistics for Every Italy International Footballer Since 1990

Click here to take the quiz!

General Stats

  • This quiz has been taken 73 times
  • The average score is 153 of 343

Answer Stats

Year of DebutPositionCaps/GoalsPlayer% Correct
1988DF126/7Paolo Maldini
100%
2010DF120/8Leonardo Bonucci
98%
1998FW58/9Francesco Totti
96%
2004DF117/8Giorgio Chiellini
96%
2004MF117/21Daniele De Rossi
94%
1991MF60/7Dino Baggio
92%
1997GK176/0Gianluigi Buffon
92%
1988FW56/27Roberto Baggio
92%
1995FW91/27Alessandro Del Piero
90%
1996DF78/0Alessandro Nesta
90%
2002MF116/13Andrea Pirlo
90%
1997FW57/25Filippo Inzaghi
90%
2016GK52/0Gianluigi Donnarumma
90%
2008FW30/7Giuseppe Rossi
90%
2000FW3/0Simone Inzaghi
90%
1996FW18/7Enrico Chiesa
88%
1997DF136/2Fabio Cannavaro
88%
2018FW40/4Federico Chiesa
88%
2000MF73/1Gennaro Gattuso
88%
2012FW54/10Lorenzo Insigne
88%
2019DF9/0Gianluca Mancini
86%
2010FW36/14Mario Balotelli
86%
1984FW36/4Roberto Mancini
86%
2014FW55/15Ciro Immobile
84%
2014FW20/9Graziano Pelle
84%
2018MF43/8Nicolo Barella
84%
2004DF73/0Andrea Barzagli
82%
2016MF47/5Jorginho
82%
2004FW47/16Luca Toni
80%
1994MF20/2Antonio Conte
78%
1997FW49/23Christian Vieri
78%
1982DF81/1Franco Baresi
78%
2012MF53/3Marco Verratti
78%
2019DF27/3Giovanni Di Lorenzo
76%
2017DF22/0Leonardo Spinazzola
76%
2013DF40/0Mattia De Sciglio
76%
2016FW44/12Andrea Belotti
75%
2003FW39/10Antonio Cassano
75%
2018DF29/0Emerson
75%
1991FW35/10Gianfranco Zola
75%
1985FW59/16Gianluca Vialli
75%
1999DF98/2Gianluca Zambrotta
75%
2020MF24/3Manuel Locatelli
75%
1999MF2/0Tomas Locatelli
75%
2020DF17/1Alessandro Bastoni
73%
2014DF29/1Francesco Acerbi
73%
2003MF55/5Mauro Camoranesi
73%
2007MF66/2Riccardo Montolivo
73%
2004FW57/19Alberto Gilardino
71%
2002FW42/11Antonio Di Natale
71%
2003DF48/4Fabio Grosso
71%
2007FW28/9Fabio Quagliarella
71%
2002DF34/1Massimo Oddo
71%
2020FW1/0Pietro Pellegri
71%
2010GK28/0Salvatore Sirigu
71%
2018FW25/6Domenico Berardi
69%
2005GK3/0Flavio Roma
69%
1995GK28/0Francesco Toldo
69%
2017MF25/5Lorenzo Pellegrini
69%
2020DF1/0Luca Pellegrini
69%
2001DF41/2Marco Materazzi
69%
2014DF37/1Matteo Darmian
69%
2012FW29/6Stephan El Shaarawy
69%
2009MF55/5Claudio Marchisio
67%
1986GK58/0Walter Zenga
67%
2005FW40/6Vincenzo Iaquinta
65%
1991DF59/2Alessandro Costacurta
63%
2012DF49/2Alessandro Florenzi
63%
1992GK31/0Angelo Peruzzi
63%
2017MF31/2Bryan Cristante
63%
2003GK4/0Christian Abbiati
63%
2020DF7/0Davide Calabria
63%
2013MF15/0Giacomo Bonaventura
63%
2021FW17/5Giacomo Raspadori
63%
2011DF22/1Ignazio Abate
63%
2021DF12/0Rafael Toloi
63%
2019MF13/0Sandro Tonali
63%
2019GK3/0Alex Meret
61%
2012MF5/1Andrea Poli
61%
2011DF13/0Angelo Ogbonna
61%
2009MF54/7Antonio Candreva
61%
1981MF26/1Carlo Ancelotti
61%
1994DF57/4Christian Panucci
61%
1991MF79/3Demetrio Albertini
61%
2015FW26/6Eder
61%
2014GK2/0Mattia Perin
61%
1990FW16/7Salvatore Schillaci
61%
2002MF48/2Simone Perrotta
61%
2016DF13/2Alessio Romagnoli
59%
1995MF40/0Angelo Di Livio
59%
2016DF13/0Davide Zappacosta
59%
2016FW39/6Federico Bernardeschi
59%
2022DF8/1Federico Dimarco
59%
1990GK39/0Gianluca Pagliuca
59%
1998MF31/2Luigi Di Biagio
59%
2001FW17/2Marco Di Vaio
59%
1999MF35/0Massimo Ambrosini
59%
1999FW20/3Vincenzo Montella
59%
2008DF34/0Christian Maggio
57%
2004DF17/1Cristian Zaccardo
57%
1982FW15/1Daniele Massaro
57%
2016DF7/0Daniele Rugani
57%
2009GK11/0Federico Marchetti
57%
2009FW25/4Giampaolo Pazzini
57%
1988MF39/3Nicola Berti
57%
2011FW23/1Sebastian Giovinco
57%
2004MF16/1Simone Barone
57%
2011MF30/1Thiago Motta
57%
2006MF38/5Alberto Aquilani
55%
2007MF15/0Antonio Nocerino
55%
2012MF29/4Emanuele Giaccherini
55%
1982DF81/6Giuseppe Bergomi
55%
1992FW28/7Giuseppe Signori
55%
2010DF1/0Marco Motta
55%
2011MF34/0Marco Parolo
55%
2020MF16/5Matteo Pessina
55%
2018FW12/4Moise Kean
55%
1986MF63/5Roberto Donadoni
55%
2010MF/FW17/1Alessandro Diamanti
53%
1995MF13/0Alessio Tacchinardi
53%
2017DF1/0Andrea Conti
53%
1987DF49/0Ciro Ferrara
53%
2009DF26/0Domenico Criscito
53%
2010DF16/0Federico Balzaretti
53%
2021FW11/0Gianluca Scamacca
53%
2018FW10/3Matteo Politano
53%
1992DF7/0Mauro Tassotti
53%
2019MF10/2Nicolo Zaniolo
53%
1994MF34/2Roberto Di Matteo
53%
2014FW18/2Simone Zaza
53%
1995FW22/8Fabrizio Ravanelli
51%
1986MF54/1Fernando De Napoli
51%
1996DF22/0Gianluca Pessotto
51%
1994DF8/0Giuseppe Favalli
51%
2012FW13/2Manolo Gabbiadini
51%
2005GK9/0Marco Amelia
51%
1992FW4/0Marco Simone
51%
1998DF19/1Mark Iuliano
51%
1981DF45/2Piero Vierchowod
51%
2008MF23/0Simone Pepe
51%
2022FW10/1Wilfried Gnonto
51%
2011FW7/1Alessandro Matri
49%
2010FW1/0Amauri
49%
1993DF23/0Antonio Benarrivo
49%
2018DF13/1Cristiano Biraghi
49%
2006MF1/0Gennaro Delvecchio
49%
2021DF1/1Gian Marco Ferrari
49%
1998FW22/4Marco Delvecchio
49%
2023FW2/2Mateo Retegui
49%
2002DF11/0Matteo Ferrari
49%
2011FW14/4Dani Osvaldo
47%
2011DF14/1Davide Astori
47%
1987MF47/6Giuseppe Giannini
47%
1999DF19/0Giuseppe Pancaro
47%
2016MF4/0Stefano Sturaro
47%
1984FW23/5Aldo Serena
45%
1990MF19/3Attilio Lombardo
45%
2012FW1/0Fabio Borini
45%
2022DF2/0Federico Gatti
45%
1998DF1/0Michele Serena
45%
2017MF7/0Roberto Gagliardini
45%
1987GK7/0Stefano Tacconi
45%
2007MF10/0Andrea Dossena
43%
1998MF25/1Damiano Tommasi
43%
2008FW7/0Marco Borriello
43%
2005GK6/0Morgan De Sanctis
43%
2022MF1/0Nicolo Fagioli
43%
1991FW44/13Pierluigi Casiraghi
43%
2019GK1/0Pierluigi Gollini
43%
1993DF11/0Roberto Mussi
43%
1993DF2/0Sergio Porrini
43%
2000MF38/2Stefano Fiore
43%
2018MF9/3Stefano Sensi
43%
1991DF18/0Amedeo Carboni
41%
2001DF17/1Cristiano Zanetti
41%
2022MF4/0Davide Frattesi
41%
2009DF8/0Davide Santon
41%
1997MF12/1Eusebio Di Francesco
41%
2022MF1/0Fabio Miretti
41%
1992FW13/0Gianluigi Lentini
41%
1992GK9/0Luca Marchegiani
41%
1990DF10/0Moreno Mannini
41%
2002DF6/0Alessandro Birindelli
39%
2013FW14/0Alessio Cerci
39%
2022FW1/0Andrea Pinamonti
39%
2010DF2/0Cristian Molinaro
39%
2003FW10/2Fabrizio Miccoli
39%
2000DF17/0Francesco Coco
39%
1994DF15/1Luigi Apolloni
39%
2004MF8/0Manuele Blasi
39%
1996DF10/0Moreno Torricelli
39%
1994DF8/0Paolo Negro
39%
2017FW4/0Simone Verdi
39%
1992MF9/0Alessandro Bianchi
37%
2001MF7/1Cristiano Doni
37%
1993MF25/3Diego Fuser
37%
2019MF4/0Gaetano Castrovilli
37%
2022DF4/0Giorgio Scalvini
37%
2010DF13/0Luca Antonelli
37%
2005DF5/0Marco Cassetti
37%
2022FW1/0Mattia Zaccagni
37%
2002DF16/1Nicola Legrottaglie
37%
1986DF45/4Riccardo Ferri
37%
1991MF15/0Alberigo Evani
35%
2010DF21/0Andrea Ranocchia
35%
2006MF22/0Angelo Palombo
35%
2005FW6/3Cristiano Lucarelli
35%
2001DF16/0Daniele Bonera
35%
2020FW2/1Francesco Caputo
35%
1988MF11/0Giancarlo Marocchi
35%
2010DF6/0Lorenzo De Silvestri
35%
1992DF1/0Massimo Carrera
35%
2004MF6/0Mauro Esposito
35%
2022MF1/0Salvatore Esposito
35%
1988FW10/2Andrea Carnevale
33%
2003FW13/2Bernardo Corradi
33%
2006MF1/0Cristian Brocchi
33%
2001MF3/0Fabio Liverani
33%
2014DF3/0Gabriel Paletta
33%
1994GK3/0Luca Bucci
33%
1987DF36/4Luigi De Agostini
33%
2007MF1/0Max Tonetto
33%
1990MF20/3Stefano Eranio
33%
2018MF9/4Vincenzo Grifo
33%
2020GK2/0Alessio Cragno
31%
1998MF8/2Francesco Moriero
31%
1999MF3/0Giuliano Giannichedda
31%
2002MF4/0Matteo Brighi
31%
2018DF2/0Mattia Caldara
31%
1997FW1/0Michele Padovano
31%
1999DF2/1Paolo Vanoli
31%
2007FW3/0Raffaele Palladino
31%
2009FW1/0Sergio Pellissier
31%
2010MF2/0Andrea Cossu
29%
2001DF2/0Cristian Zenoni
29%
2000MF1/0Damiano Zenoni
29%
2005FW6/0David Di Michele
29%
2006DF11/0Manuel Pasqual
29%
1992DF2/0Marco Lanna
29%
2012FW8/1Mattia Destro
29%
2018FW1/0Patrick Cutrone
29%
2005MF1/0Roberto Baronio
29%
2009DF5/0Salvatore Bocchetti
29%
2007DF8/0Alessandro Gamberini
27%
2011DF1/0Daniele Gastaldello
27%
2012DF3/1Federico Peluso
27%
2015MF2/0Franco Vazquez
27%
2002FW2/0Massimo Maccarone
27%
2019MF2/2Riccardo Orsolini
27%
2014MF9/0Roberto Soriano
27%
1998MF3/0Sandro Cois
27%
2004MF11/0Stefano Mauri
27%
2007MF1/0Alessandro Rosina
25%
2002MF1/0Antonino Asta
25%
2000DF5/0Daniele Adani
25%
2017DF6/0Danilo D'Ambrosio
25%
2014DF2/0Emiliano Moretti
25%
2009MF5/0Gaetano D'Agostino
25%
2005MF1/0Giampiero Pinzi
25%
2019FW1/1Leonardo Pavoletti
25%
2018MF3/0Manuel Lazzari
25%
1988MF17/1Massimo Crippa
25%
2015MF1/0Mirko Valdifiori
25%
2014FW5/1Stefano Okaka
25%
2017FW1/0Andrea Petagna
24%
2002MF6/0Carlo Nervo
24%
2005DF1/0Dario Dainelli
24%
2010GK6/0Emiliano Viviano
24%
1995DF1/0Fabio Petruzzi
24%
2006MF3/0Franco Semioli
24%
2009FW1/0Giuseppe Mascara
24%
1997DF2/0Luigi Sartor
24%
2009DF11/0Mattia Cassani
24%
2018MF1/0Rolando Mandragora
24%
1997DF1/0Stefano Torrisi
24%
2006FW3/0Tommaso Rocchi
24%
2000DF4/0Valerio Bertotto
24%
2004DF13/1Aimo Diana
22%
2004DF1/0Alessandro Parisi
22%
2001DF1/0Alessandro Pierini
22%
2019DF3/0Armando Izzo
22%
2018DF3/0Cristiano Piccini
22%
2018MF1/0Daniele Baselli
22%
2003FW3/0Fabio Bazzani
22%
2006DF1/0Giulio Falcone
22%
2003GK2/0Ivan Pelizzoli
22%
2022FW1/0Joao Pedro
22%
1994DF8/0Lorenzo Minotti
22%
2003DF1/0Marcello Castellini
22%
2022DF1/0Pasquale Mazzocchi
22%
2004MF2/0Sergio Volpi
22%
1992DF7/0Alberto Di Chiara
20%
2005FW3/0Antonio Langella
20%
2009MF2/0Daniele Galloppa
20%
2009MF2/0Davide Biondini
20%
2006FW1/0Emiliano Bonazzoli
20%
2001DF5/0Luciano Zauri
20%
1994MF2/0Roberto Rambaudi
20%
2004DF1/0Stefano Bettarini
20%
2010MF1/0Cristian Daniel Ledesma
18%
1993DF2/0Daniele Carnasciali
18%
2012MF1/0Diego Fabbrini
18%
2012MF1/0Ezequiel Schelotto
18%
1996MF1/0Fabio Rossitto
18%
1991FW2/0Francesco Baiano
18%
2005MF2/0Franco Brienza
18%
2022DF1/0Luiz Felipe
18%
2003MF6/0Marco Marchionni
18%
2002FW3/0Massimo Marazzina
18%
2015FW3/0Nicola Sansone
18%
2007MF3/1Pasquale Foggia
18%
2022MF2/0Samuele Ricci
18%
2022MF3/0Tommaso Pobega
18%
2014MF5/0Andrea Bertolacci
16%
2018FW7/0Kevin Lasagna
16%
1991FW2/0Alessandro Melli
14%
1993DF1/0Andrea Fortunato
14%
2013FW1/0Marco Sau
14%
1996DF1/0Pasquale Padalino
14%
2005MF2/0Carmine Coppola
12%
2006DF1/0Christian Terlizzi
12%
2005DF3/0Giandomenico Mesto
12%
1988DF8/0Luca Fusi
12%
1992DF3/0Roberto Galia
12%
1988FW9/2Ruggiero Rizzitelli
12%
2022FW1/0Alessio Zerbin
10%
1993MF1/0Daniele Zoratto
10%
2022FW1/0Gianluca Caprari
10%
1986DF8/0Giovanni Francini
10%
1998MF2/0Jonathan Bachini
10%
2022FW1/0Matteo Cancellieri
10%
2004FW2/0Andrea Caracciolo
8%
1994FW1/0Andrea Silenzi
8%
1991MF3/0Fabrizio Di Mauro
8%
1993MF4/0Giovanni Stroppa
8%
2006MF1/0Massimo Gobbi
8%
1996MF1/0Federico Giunti
6%
1994MF1/0Massimiliano Cappioli
6%
1993MF1/0Antonio Manicone
2%
1995MF3/0Francesco Statuto
2%
1992MF1/0Giorgio Venturin
2%
1991MF1/0Gennaro Ruotolo
0%
1997MF1/0Giampiero Maini
0%

Score Distribution

Percentile by Number Answered

Percent of People with Each Score

Your Score History

You have not taken this quiz